000 01061nam a22002537a 4500
999 _c60940
_d60940
003 Ge_BSU
005 20231124172105.0
008 231124s2022 ge ||||| |||| 00| 0 geo d
020 _a9789941848551
041 _ageo
080 _a551.7 ხ-71
100 _aხომერიკი, გურამ
_920481
245 _aლითოთერაპია /
_cგურამ ხომერიკი; რედ. კარლო აქიმიძე.
264 _aთბილისი :
_bივერიონი,
_c2022.
300 _a188 გვ.:
_bილ.;
_c21 სმ.
504 _aბიბლიოგრ. გვ. 174-176
653 _aმინერალები
653 _aმინერალების სამკურნალო თვისებები
653 _aთიხები
653 _aმარილები
653 _aგეოლოგია ფერთერაპია
700 _aაქიმიძე, კარლო
_eრედაქტორი
_920482
942 _2udc
_cᲬᲘᲒᲜᲘ